Statistics for Countries With the Highest DUI Related Deaths

Click here to take the quiz!

General Stats

  • This quiz has been taken 46 times
  • The average score is 7 of 10

Answer Stats

%Answer% Correct
31%United States
95%
9%Russia
92%
16%United Kingdom
87%
34%Canada
85%
29%France
82%
9%Germany
82%
25%Italy
77%
30%Australia
72%
58%South Africa
26%
14%South Korea
18%

Score Distribution

Percentile by Number Answered

Percent of People with Each Score

Your Score History

You have not taken this quiz